Metal bands starting with the letter D - Statistics

General Stats
  • This quiz has been taken 44 times
  • The average score is 7 of 50
Answer Stats
Hint Answer % Correct
USA 1983 Death
66%
USA 1982 Dio
52%
UK 1977 Def Leppard
45%
USA 1988 Deftones
45%
USA 1994 Disturbed
45%
UK 1968 Deep Purple
41%
Norway 1986 Darkthrone
38%
USA 1987 Deicide
38%
USA 1978 Dokken
34%
UK 1999 DragonForce
31%
USA 1996 Drowning Pool
31%
USA 1985 Dream Theater
28%
USA 1987 Danzig
24%
USA 1997 Dope
21%
USA 1991 Dying Fetus
17%
USA 1978 Dead Kennedys
14%
USA 1982 Death Angel
14%
USA 2006 Dethklok
14%
USA 1991 Down
14%
USA 1997 The Dillinger Escape Plan
14%
USA 1996 Dropkick Murphys
10%
Sweden 1993 Dark Funeral
7%
Sweden 1989 Dark Tranquility
7%
UK 1962 David Bowie
7%
USA 2012 Dayseeker
7%
Sweden 1989 Dissection
7%
USA 2003 Damageplan
3%
Germany 1997 Darkened Nocturn Slaughtercult
3%
USA 1995 Darkest Hour
3%
Sweden 2000 Deathstars
3%
Poland 1996 Decapitated
3%
USA 1986 Demolition Hammer
3%
USA 1977 Descendents
3%
Australia 1994 Deströyer 666
3%
USA 1995 Devourment
3%
Sweden 1988 Dismember
3%
Germany 1994 Dark Fortress
0%
France 2006 Darkness Dynamite
0%
USA 2002 Daughters
0%
Sweden 2007 Dead By April
0%
USA 2013 Dead Poet Society
0%
USA 2001 Decrepit Birth
0%
Germany/USA 1997 Demons & Wizards
0%
Indonesia 1998 Devoured
0%
Belgium 2005 Diablo Blvd.
0%
UK 1977 Discharge
0%
Sweden 1989 Disfear
0%
USA 1987 Disrupt
0%
USA 1990 Dog Eat Dog
0%
USA 2005 Dominici
0%
No matching quizzes found
Score Distribution
Percent of People with Each Score
Percentile by Number Answered
Your Score History
You have not taken this quiz